[Event "ch-FRA Blitz Online Qual"]
[Site "Europe-Chess INT"]
[Date "2020.05.16"]
[Round "13"]
[White "Serieys, Philippe"]
[Black "Pothieux, Philippe"]
[Result "0-1"]
[WhiteElo "1210"]
[BlackElo "1796"]
[WhiteFideId "36092576"]
[BlackFideId "20606036"]
[EventDate "2020.05.16"]

1. e4 e6 2. Nf3 d5 3. exd5 exd5 4. c3 Bg4 5. Be2 Nf6 6. d4 Be7 7. O-O O-O 8. Ne5
Bxe2 9. Qxe2 Re8 10. Qd3 Bd6 11. Nf3 c6 12. Be3 Nbd7 13. Nbd2 Nf8 14. b3 Qc7 15.
g3 h6 16. c4 Ng4 17. c5 Be7 18. Bf4 Qd8 19. Ne5 Nxe5 20. Bxe5 Ng6 21. f4 Qd7 22.
f5 Nxe5 23. dxe5 Bg5 24. Nf3 Qe7 25. Rae1 Qxc5+ 26. Kg2 Rad8 27. Nxg5 hxg5 28.
Qe3 Qxe3 29. Rxe3 Re7 30. g4 Rde8 31. Rfe1 Kf8 32. e6 fxe6 33. Rxe6 Rxe6 34.
Rxe6 Rxe6 35. fxe6 Ke7 36. Kg3 Kxe6 37. h4 gxh4+ 38. Kxh4 Kf6 39. g5+ Kf5 40.
Kh5 g6+ 41. Kh6 d4 0-1

[Event "ch-FRA Blitz Online Qual"]
[Site "Europe-Chess INT"]
[Date "2020.05.16"]
[Round "13"]
[White "Kvashyna, Tetyana"]
[Black "Joly, Charlotte"]
[Result "0-1"]
[WhiteElo "1764"]
[BlackElo "1454"]
[WhiteFideId "641510"]
[BlackFideId "36022292"]
[EventDate "2020.05.16"]

1. d4 Nf6 2. Nf3 e6 3. e3 Be7 4. Bd3 O-O 5. O-O d5 6. Nbd2 b6 7. b3 Bb7 8. Bb2
Nbd7 9. a3 c5 10. Re1 Rc8 11. Ne5 Nxe5 12. dxe5 Nd7 13. f4 c4 14. bxc4 dxc4 15.
Nxc4 Nc5 16. Qe2 Qd5 17. e4 Qd8 18. Rad1 Qc7 19. c3 Rfd8 20. Bb1 Ba6 21. Ba2 Na4
22. Rxd8+ Bxd8 23. Qd1 Bxc4 24. Qxa4 Bxa2 25. Qd1 Be7 26. Qd4 Bc5 27. Rd1 Bxd4+
28. cxd4 Qc2 29. Rf1 Qxb2 30. h3 Rc2 31. Kh2 Rxg2+ 32. Kh1 Rf2 33. Rg1 Qc2 34.
Re1 Qc3 35. Rd1 Qxh3+ 36. Kg1 Qg2# 0-1

[Event "ch-FRA Blitz Online Qual"]
[Site "Europe-Chess INT"]
[Date "2020.05.16"]
[Round "13"]
[White "Muller, Patrick"]
[Black "Langer, Karele"]
[Result "1-0"]
[WhiteElo "1582"]
[BlackElo "1282"]
[WhiteFideId "20669216"]
[BlackFideId "551017938"]
[EventDate "2020.05.16"]

1. e4 c5 2. Nf3 e6 3. c4 d6 4. Nc3 Nc6 5. d3 Nf6 6. a3 Be7 7. Be3 O-O 8. Be2 Qb6
9. Qc2 Nd4 10. Bxd4 cxd4 11. Na4 Qd8 12. b4 e5 13. Nb2 Bg4 14. O-O Nh5 15. g3
Bh3 16. Rfe1 Bf6 17. Bf1 Bg4 18. Nd2 Bg5 19. Bg2 Bxd2 20. Qxd2 Qf6 21. Rf1 a6
22. f3 Bd7 23. Qe2 b5 24. f4 exf4 25. Qxh5 Qe7 26. Rxf4 g6 27. Qf3 bxc4 28. Nxc4
Rfe8 29. Rf1 Be6 30. Na5 Rac8 31. Qe2 Rc3 32. Qb2 Rxd3 33. R4f3 Rxf3 34. Rxf3
Qa7 35. Rd3 Bc4 36. Nxc4 Rc8 37. Qxd4 Qxd4+ 38. Rxd4 f6 39. Kf2 Kg7 40. Ke3 Rd8
41. Rxd6 Rc8 42. Rd4 h5 43. Na5 Rc3+ 44. Rd3 Rxd3+ 45. Kxd3 Kh6 46. Kd4 g5 47.
Bf3 g4 48. Be2 Kg5 49. Bd3 h4 50. Nc4 hxg3 51. hxg3 f5 52. exf5 Kf6 53. Ke4 a5
54. Nxa5 Ke7 55. Ke5 Kf7 56. f6 Ke8 57. Bb5+ Kf8 58. Nc6 Ke8 59. Ke6 Kf8 60. f7
Kg7 61. Ke7 Kg6 62. f8=Q Kg5 63. Qf4+ Kg6 64. Bd3+ Kg7 65. Ne5 Kg8 66. Qxg4+ 1-0

[Event "ch-FRA Blitz Online Qual"]
[Site "Europe-Chess INT"]
[Date "2020.05.16"]
[Round "13"]
[White "Ngomane, Max"]
[Black "Vernadet, Jacques"]
[Result "0-1"]
[WhiteElo "1278"]
[BlackElo "1600"]
[WhiteFideId "651049791"]
[BlackFideId "665169"]
[EventDate "2020.05.16"]

1. d4 Nf6 2. c4 c6 3. Nc3 g6 4. Nf3 Bg7 5. Bg5 O-O 6. e3 d6 7. Rc1 Nbd7 8. Bd3
Re8 9. O-O e5 10. dxe5 dxe5 11. Ne4 Qc7 12. Bb1 Nxe4 13. Bxe4 f5 14. Bb1 h6 15.
Nh4 Kh7 16. Bxf5 gxf5 17. Qh5 Nf6 18. Bxf6 Rf8 19. Qg6+ Kh8 20. Qxh6+ Kg8 21.
Bxg7 Qxg7 22. Qxg7+ Kxg7 23. Rcd1 Be6 24. Rd6 Rf6 25. c5 b6 26. Rxc6 bxc5 27.
Rc7+ Bf7 28. Rxc5 Re8 29. a4 Kh6 30. a5 Rg8 31. Rfc1 Re8 32. Rc6 Ree6 33. Rxe6
Bxe6 34. Rc6 Kg5 35. Nf3+ Kh6 36. Nxe5 Kg5 37. Nf7+ Kg6 38. Rxe6 Rxe6 39. h3
Kxf7 40. b4 Re4 41. Kh2 Rxb4 0-1

[Event "ch-FRA Blitz Online Qual"]
[Site "Europe-Chess INT"]
[Date "2020.05.16"]
[Round "13"]
[White "Nomel, Mathis"]
[Black "Brasseur, Vincent"]
[Result "0-1"]
[WhiteElo "1262"]
[BlackElo "1603"]
[WhiteFideId "36054399"]
[BlackFideId "45129550"]
[EventDate "2020.05.16"]

1. d4 Nf6 2. Nf3 g6 3. e4 d6 4. Nc3 Bg7 5. Bf4 Nh5 6. Be3 Nc6 7. Bc4 O-O 8. h3
a6 9. Qd2 Re8 10. g4 Nf6 11. Ng5 e6 12. f4 b5 13. Bb3 Na5 14. e5 Nxb3 15. axb3
dxe5 16. fxe5 Nd5 17. Nge4 Bb7 18. Rg1 Nxc3 19. bxc3 Bxe4 20. h4 c5 21. h5 cxd4
22. cxd4 Rc8 23. hxg6 Rxc2 24. Qd1 Qh4+ 0-1

[Event "ch-FRA Blitz Online Qual"]
[Site "Europe-Chess INT"]
[Date "2020.05.16"]
[Round "13"]
[White "De Smet, Fabrice"]
[Black "Gheorghin, Felix"]
[Result "1-0"]
[WhiteElo "1520"]
[BlackElo "1310"]
[WhiteFideId "45129657"]
[BlackFideId "651027240"]
[EventDate "2020.05.16"]

1. e4 e5 2. Nf3 Nc6 3. Bc4 Bc5 4. Nc3 Nf6 5. d3 h6 6. h3 d6 7. O-O O-O 8. Be3
Bxe3 9. fxe3 Be6 10. Bb3 Qd7 11. Qe1 Rad8 12. Qg3 Nh5 13. Qh4 Nf6 14. Rf2 Bxb3
15. axb3 d5 16. exd5 Nxd5 17. e4 Nxc3 18. bxc3 Qe6 19. Raf1 Ne7 20. Nh2 Ng6 21.
Qg3 Qc6 22. c4 Qc5 23. Ng4 Nf4 24. Qe3 Qxe3 25. Nxe3 Rd4 26. Nf5 Rdd8 27. d4 f6
28. dxe5 fxe5 29. Rf3 Ne2+ 30. Kh2 Nf4 31. Rg3 Rf7 32. Nxh6+ Kf8 33. Nxf7 Kxf7
34. Rgf3 Rd2 35. R1f2 Rxf2 36. Rxf2 Ke6 37. g3 Ng6 38. c3 c5 39. Ra2 a6 40. b4
cxb4 41. cxb4 Ne7 42. b5 axb5 43. cxb5 Nc8 44. Kg2 Nd6 45. Ra7 Kd7 46. Kf3 Kc7
47. h4 Nxb5 48. Ra5 Nd4+ 49. Ke3 Kd6 50. Rd5+ Ke6 51. g4 g6 52. h5 Nc2+ 53. Kd2
gxh5 54. gxh5 Nd4 55. h6 Nf3+ 56. Ke3 Ng5 57. Rb5 1-0

[Event "ch-FRA Blitz Online Qual"]
[Site "Europe-Chess INT"]
[Date "2020.05.16"]
[Round "13"]
[White "Duranton, Paul"]
[Black "Monmaille, Eric"]
[Result "0-1"]
[WhiteElo "1203"]
[BlackElo "1400"]
[WhiteFideId "551013169"]
[BlackFideId "26064529"]
[EventDate "2020.05.16"]

1. d4 c5 2. c3 Nf6 3. e3 d6 4. f4 Bf5 5. Bd3 Bxd3 6. Qxd3 Nc6 7. Qb5 Qc7 8. Nf3
cxd4 9. exd4 g6 10. d5 a6 11. Qc4 Nxd5 12. Qxd5 Bg7 13. Ng5 O-O 14. Qf3 e5 15.
Qh3 h5 16. g4 exf4 17. gxh5 Rae8+ 18. Kf2 Qb6+ 19. Kf3 Ne5+ 20. Kxf4 Qf2+ 21.
Nf3 g5+ 22. Ke4 Ng4+ 23. Kf5 Nh6+ 24. Kxg5 f6+ 25. Kg6 Qc2+ 26. Qf5 Qxf5# 0-1

[Event "ch-FRA Blitz Online Qual"]
[Site "Europe-Chess INT"]
[Date "2020.05.16"]
[Round "13"]
[White "Chen, Zhiyue Dashan"]
[Black "Meyssirel, Tom"]
[Result "1/2-1/2"]
[WhiteElo "1119"]
[BlackElo "1333"]
[WhiteFideId "551034930"]
[BlackFideId "45197245"]
[EventDate "2020.05.16"]

1. e4 e5 2. Nf3 Nc6 3. Bc4 Bc5 4. c3 Nf6 5. d4 exd4 6. cxd4 Bb4+ 7. Nc3 Nxe4 8.
O-O Bxc3 9. d5 Bf6 10. Re1 Ne7 11. Rxe4 d6 12. Bg5 Bxg5 13. Nxg5 O-O 14. Nf3 h6
15. Re1 Bg4 16. Qe2 Re8 17. Qd3 c6 18. dxc6 bxc6 19. Qb3 d5 20. Be2 Rb8 21. Qc3
Qc7 22. Qd4 Bxf3 23. Bxf3 c5 24. Qd2 d4 25. b3 Nc6 26. Bxc6 Qxc6 27. Qd3 Rbc8
28. h3 Re6 29. Rac1 Rg6 30. g3 Qd7 31. Kh2 Qd6 32. Qf1 d3 33. Red1 Rd8 34. Qg2
h5 35. h4 Rg4 36. Qh3 Qd4 37. Qg2 Rd6 38. f3 Rgg6 39. Kh3 Rdf6 40. Kh2 Qd5 41.
Rf1 Re6 42. Rf2 Rd6 43. Rd1 Rge6 44. Rdd2 Re3 45. Kh3 Rf6 46. f4 Qe6+ 47. Kh2
Qd6 48. Kh3 Rfe6 49. Kh2 Qd7 50. Kh3 Rd6+ 51. Kh2 Rc6 52. Kg1 c4 53. bxc4 Rxc4
54. Kh2 Rc1 55. Rf1 Ree1 56. Rxe1 Rxe1 57. Qf2 Rc1 58. Qe3 Rc6 59. Rxd3 Qb7 60.
Qe2 Ra6 61. Rd2 Qb6 62. Qe8+ Kh7 63. Qe4+ g6 64. Qe2 Kg7 65. Qe5+ Kh7 66. Qe2
Qc6 67. Qg2 Qc3 68. Qf2 Ra3 69. Kg2 a5 70. Rc2 Qd3 71. Rd2 Qf5 72. Qe2 Rc3 73.
Qf2 a4 74. Re2 a3 75. Rd2 Qc8 76. Re2 Qc4 77. Rd2 Rd3 78. Re2 Qc3 79. Rc2 Qd4
80. Qxd4 Rxd4 81. Kf3 Kg7 82. Rc3 Ra4 83. Ke3 Kh6 84. Kf3 f6 85. Ke3 g5 86. Kf3
g4+ 87. Ke3 Kg6 88. Kf2 Kf5 89. Ke3 Ke6 90. Kf2 f5 91. Ke3 Re4+ 92. Kf2 Ra4 93.
Rb3 Kd5 94. Rc3 Ke4 95. Rb3 Kd4 96. Re3 Ra6 97. Rb3 Ra5 98. Re3 Ra4 99. Rb3 Kc4
100. Re3 Ra5 101. Rb3 Kd4 102. Re3 Ra4 1/2-1/2

[Event "ch-FRA Blitz Online Qual"]
[Site "Europe-Chess INT"]
[Date "2020.05.16"]
[Round "13"]
[White "Rieger, Emmanuel"]
[Black "Rajaobelina, Hery"]
[Result "0-1"]
[WhiteElo "1306"]
[BlackElo "1592"]
[WhiteFideId "551000091"]
[BlackFideId "36054836"]
[EventDate "2020.05.16"]

1. e4 c5 2. d3 d6 3. Nf3 Nf6 4. Be2 e6 5. c3 Be7 6. Be3 Nbd7 7. Nbd2 Qc7 8. Nc4
b5 9. Ncd2 a6 10. O-O O-O 11. b3 Bb7 12. c4 Nb6 13. h3 d5 14. cxd5 exd5 15. Rc1
dxe4 16. dxe4 Nxe4 17. b4 c4 18. Bxb6 Qxb6 19. Nxe4 Bxe4 20. Re1 Bxb4 21. Nd2
Bb7 22. Kh1 Qxf2 23. Rf1 Qxg2# 0-1

[Event "ch-FRA Blitz Online Qual"]
[Site "Europe-Chess INT"]
[Date "2020.05.16"]
[Round "13"]
[White "Cherfils, Richard"]
[Black "Varin, Timeo"]
[Result "0-1"]
[WhiteElo "1356"]
[BlackElo "1287"]
[WhiteFideId "36072362"]
[BlackFideId "45117527"]
[EventDate "2020.05.16"]

1. e4 e5 2. Nf3 Nc6 3. Bc4 Nf6 4. Ng5 d5 5. exd5 Na5 6. Bb5+ c6 7. dxc6 bxc6 8.
Qf3 Be7 9. Bxc6+ Nxc6 10. Qxc6+ Bd7 11. Qf3 O-O 12. O-O Bg4 13. Qe3 Nd5 14. Qxe5
Bxg5 15. h3 Bh5 16. g4 Bg6 17. Nc3 Nxc3 18. dxc3 Bxc2 19. Bxg5 f6 20. Bxf6 Qxf6
21. Qd5+ Qf7 22. Qd2 Bg6 23. f4 Qb7 24. f5 Rad8 25. Qc2 Bf7 26. f6 Qb6+ 27. Rf2
Bg6 28. Qb3+ Qxb3 29. axb3 Rxf6 30. Rxa7 Rd1+ 31. Kg2 Be4+ 32. Kg3 Rd3+ 33. Kh4
Rxf2 0-1

[Event "ch-FRA Blitz Online Qual"]
[Site "Europe-Chess INT"]
[Date "2020.05.16"]
[Round "13"]
[White "Gombrowicz, Renaud"]
[Black "Trimbitasu, Elyas"]
[Result "0-1"]
[WhiteElo "1343"]
[BlackElo "1175"]
[WhiteFideId "651019760"]
[BlackFideId "551013410"]
[EventDate "2020.05.16"]

1. e4 e6 2. d4 d5 3. e5 Nc6 4. c3 f6 5. Nf3 Nb8 6. Bf4 c5 7. Bb5+ Bd7 8. a4 Bxb5
9. axb5 Qb6 10. O-O Qxb5 11. Qd2 c4 12. Na3 Bxa3 13. bxa3 Nd7 14. Rab1 Qa6 15.
Rb4 b6 16. Rfb1 Qxa3 17. exf6 Ngxf6 18. Ne5 Nxe5 19. Bxe5 Ne4 20. Qc2 Qxc3 21.
Qxc3 Nxc3 22. Rc1 Ne2+ 23. Kf1 Nxc1 24. Rb1 Nd3 25. Ke2 Nxe5 26. dxe5 O-O 27.
Ke3 Rf5 28. f4 g5 29. g3 Rb8 30. Rg1 b5 31. h4 gxf4+ 32. gxf4+ Kf7 33. Rb1 a5
34. Rg1 b4 35. h5 Rxh5 36. Ra1 Ra8 37. Kd4 b3 38. Kc5 c3 0-1

[Event "ch-FRA Blitz Online Qual"]
[Site "Europe-Chess INT"]
[Date "2020.05.16"]
[Round "13"]
[White "Rieger, Lylian"]
[Black "Flores, Christophe"]
[Result "1-0"]
[WhiteElo "1148"]
[BlackElo "1332"]
[WhiteFideId "551000105"]
[BlackFideId "45163758"]
[EventDate "2020.05.16"]

1. e4 Nc6 2. d4 e5 3. d5 Nce7 4. c4 Ng6 5. b3 Nf6 6. Bd3 a5 7. Bb2 Bc5 8. Nf3 d6
9. Nbd2 O-O 10. O-O Nf4 11. Bc2 Ng4 12. h3 Nf6 13. a3 N6h5 14. Bc3 f5 15. exf5
Bxf5 16. Bxf5 Rxf5 17. g4 Rg5 18. Nxg5 Qxg5 19. Kh2 Nf6 20. Nf3 Qh6 21. Ng1 Rf8
22. Qf3 Nd7 23. Qg3 Rf6 24. g5 Qg6 25. gxf6 Qxf6 26. Nf3 Qh6 27. Ng5 1-0

[Event "ch-FRA Blitz Online Qual"]
[Site "Europe-Chess INT"]
[Date "2020.05.16"]
[Round "13"]
[White "Mirguet, Vladislav"]
[Black "Langer, Franck"]
[Result "0-1"]
[WhiteElo "1073"]
[BlackElo "1327"]
[WhiteFideId "45136432"]
[BlackFideId "45175063"]
[EventDate "2020.05.16"]

1. d4 d5 2. c4 e6 3. Nc3 Nf6 4. Bg5 Nbd7 5. e3 h6 6. Bh4 Be7 7. Nf3 O-O 8. Bd3
dxc4 9. Bxc4 b6 10. Bxf6 Bxf6 11. Bb3 Bb7 12. Bc2 c5 13. Qd3 g6 14. O-O cxd4 15.
Nxd4 Nc5 16. Qe2 Bxd4 17. exd4 Qxd4 18. Rad1 Qf6 19. h3 Rad8 20. Rxd8 Rxd8 21.
Rd1 h5 22. h4 Qxh4 23. g3 Qh1# 0-1

[Event "ch-FRA Blitz Online Qual"]
[Site "Europe-Chess INT"]
[Date "2020.05.16"]
[Round "13"]
[White "Porchel, Baptiste"]
[Black "Plaidit, Hugo"]
[Result "0-1"]
[WhiteElo "1104"]
[BlackElo "1319"]
[WhiteFideId "45193037"]
[BlackFideId "551003066"]
[EventDate "2020.05.16"]

1. e4 c6 2. d4 d5 3. e5 c5 4. Bb5+ Nc6 5. dxc5 e6 6. Nc3 Bxc5 7. Qg4 Kf8 8. Qh3
Nge7 9. Nf3 h6 10. Na4 Qa5+ 11. Nc3 Bb4 12. Bxc6 Bxc3+ 13. Ke2 Nxc6 14. bxc3
Qxc3 15. Bd2 Qxc2 16. Rhc1 Qe4+ 17. Be3 Nxe5 18. Qh5 Qd3+ 19. Ke1 Nxf3+ 20. Qxf3
Qb5 21. a4 Qa5+ 22. Kf1 Bd7 23. Rc5 Qd8 24. Qf4 Rc8 25. Qd6+ Ke8 26. Rac1 Rxc5
27. Rxc5 Bxa4 28. Qxd8+ Kxd8 29. Ra5 Bc6 30. Bxa7 Kd7 31. Bb6 e5 32. Ke2 f6 33.
f3 d4 34. Rc5 Kd6 35. Kd3 Ra8 36. Rb5 Ra2 37. Ra5 Rxa5 38. Bxa5 g6 39. Bb4+ Ke6
40. Bf8 h5 41. Bh6 f5 42. Bg5 Kd5 43. g3 e4+ 44. fxe4+ fxe4+ 45. Kd2 e3+ 46. Kd3
Bb5+ 47. Kc2 d3+ 48. Kd1 Ke4 49. Ke1 d2+ 50. Kd1 Ba4+ 51. Ke2 d1=Q# 0-1

[Event "ch-FRA Blitz Online Qual"]
[Site "Europe-Chess INT"]
[Date "2020.05.16"]
[Round "13"]
[White "Gusev, Mickael"]
[Black "Hegedus, Pascal"]
[Result "1/2-1/2"]
[WhiteElo "1032"]
[BlackElo "1283"]
[WhiteFideId "551081997"]
[BlackFideId "20604289"]
[EventDate "2020.05.16"]

1. e4 c5 2. Nf3 e6 3. d4 cxd4 4. Nxd4 Nc6 5. Be3 Qc7 6. Nc3 a6 7. Bd3 e5 8. Nf3
d6 9. O-O Nf6 10. h3 Be6 11. Re1 Be7 12. Qe2 b5 13. b4 Rc8 14. Bd2 Nxb4 15. a3
Nc6 16. Rad1 O-O 17. Ng5 Bd7 18. f4 Nd4 19. Qf2 Qc5 20. fxe5 dxe5 21. Nf3 Nxf3+
22. gxf3 Qxf2+ 23. Kxf2 Nh5 24. Rg1 Bh4+ 25. Kf1 Ng3+ 26. Kg2 Rc6 27. Nd5 Rg6
28. Ne7+ Kh8 29. Nxg6+ fxg6 30. Bg5 Bxg5 31. Kxg3 Bf4+ 32. Kg2 h5 33. Be2 Rf7
34. Rd6 Kh7 35. Rxa6 h4 36. Rd6 Be8 37. Rd8 Bc6 38. Rd6 Be8 39. Rd5 g5 40. Bxb5
Bxb5 41. Rxb5 Ra7 42. Rb3 Ra4 43. Rd3 Kg6 44. Kf2 Kf6 45. Ke2 Ke6 46. Kd1 g6 47.
Rf1 Bg3 48. Rg1 Bf4 49. Rf1 Bg3 50. Rg1 Bf4 1/2-1/2

[Event "ch-FRA Blitz Online Qual"]
[Site "Europe-Chess INT"]
[Date "2020.05.16"]
[Round "13"]
[White "Hwang, Daniel"]
[Black "Lebrun, Mathieu"]
[Result "1-0"]
[WhiteElo "1557"]
[BlackElo "1177"]
[WhiteFideId "45136890"]
[BlackFideId "36094099"]
[EventDate "2020.05.16"]

1. e4 e5 2. Bc4 Nf6 3. Nc3 Nc6 4. d3 h6 5. f4 exf4 6. Bxf4 Be7 7. Nf3 d6 8. O-O
Bd7 9. Qd2 Bg4 10. Rae1 O-O 11. Bxh6 gxh6 12. Qxh6 Nh7 13. Qg6+ Kh8 14. Qxg4 Bf6
15. Nd5 Rg8 16. Qh3 Bg7 17. Nh4 Ne5 18. Nf5 Qg5 19. Re3 a5 20. Rg3 Qh6 21. Nxh6
Bxh6 22. Rxg8+ Kxg8 23. Qxh6 c6 24. Ne7+ Kh8 25. Bxf7 Nxf7 26. Rxf7 Re8 27.
Rxh7# 1-0

[Event "ch-FRA Blitz Online Qual"]
[Site "Europe-Chess INT"]
[Date "2020.05.16"]
[Round "13"]
[White "Courjal, Juliette"]
[Black "Zanin, Sylvie"]
[Result "1-0"]
[WhiteElo "1388"]
[BlackElo "1001"]
[WhiteFideId "45147833"]
[BlackFideId "45115532"]
[EventDate "2020.05.16"]

1. e4 e5 2. Nf3 Nc6 3. d4 d5 4. Bb5 Bd7 5. Bxc6 Bxc6 6. Nxe5 dxe4 7. Nxc6 bxc6
8. O-O Ne7 9. Re1 f5 10. c3 Nd5 11. f3 Bd6 12. fxe4 O-O 13. exd5 cxd5 14. Nd2
Qh4 15. Nf3 Qg4 16. Qb3 Rab8 17. Qxd5+ Kh8 18. c4 Qh5 19. c5 Bxh2+ 20. Nxh2 Qg6
21. Nf3 c6 22. Qc4 Qg4 23. Ne5 Qg3 24. Bd2 Rxb2 25. Nf7+ Kg8 26. Nh6+ Kh8 27.
Qg8+ Rxg8 28. Nf7# 1-0

[Event "ch-FRA Blitz Online Qual"]
[Site "Europe-Chess INT"]
[Date "2020.05.16"]
[Round "13"]
[White "Bachy, Louis"]
[Black "Lequang, Enzo"]
[Result "0-1"]
[WhiteElo "1264"]
[BlackElo "1068"]
[WhiteFideId "45161178"]
[BlackFideId "551052911"]
[EventDate "2020.05.16"]

1. e4 e5 2. Nf3 Nc6 3. d4 exd4 4. Nxd4 Bc5 5. Be3 Qf6 6. c3 d6 7. g3 Bxd4 8.
cxd4 Nge7 9. f4 d5 10. e5 Qg6 11. Bd3 Bf5 12. Bxf5 Qxf5 13. Nc3 O-O-O 14. h3 h5
15. Qe2 f6 16. Rd1 fxe5 17. dxe5 d4 18. Bxd4 Rxd4 19. O-O Rxd1 20. Rxd1 h4 21.
Qf3 hxg3 22. Qxg3 Qxh3 23. Qxh3+ Rxh3 24. Kg2 Rh4 25. Kg3 Nf5+ 26. Kf3 Ncd4+ 27.
Ke4 c5 28. e6 Kd8 29. Nd5 Ng3+ 30. Ke5 Rh5+ 31. Kd6 Ne4# 0-1

[Event "ch-FRA Blitz Online Qual"]
[Site "Europe-Chess INT"]
[Date "2020.05.16"]
[Round "13"]
[White "Fernandez, Maylis"]
[Black "Pineau, Patrick"]
[Result "1-0"]
[WhiteElo "1165"]
[BlackElo "1349"]
[WhiteFideId "45148511"]
[BlackFideId "20673329"]
[EventDate "2020.05.16"]

1. e4 c5 2. Nf3 e6 3. c3 a6 4. Be2 b5 5. O-O Bb7 6. d3 Nc6 7. Re1 d6 8. d4 cxd4
9. cxd4 Qc7 10. d5 exd5 11. exd5 Nce7 12. Bg5 f6 13. Bh4 Nxd5 14. Nc3 Nxc3 15.
bxc3 Bxf3 16. Bxf3+ Be7 17. Bxa8 g5 18. Bg3 h5 19. Bxd6 Qa7 20. Bc6+ Kf7 21.
Bxe7 Nxe7 22. Qb3+ Kg7 23. Rad1 Nxc6 24. Qe6 Ne5 25. Rxe5 fxe5 26. Qxe5+ Kh7 27.
Qf5+ Kg8 28. Qxg5+ Qg7 29. Rd8+ Kh7 30. Qf5+ Kh6 31. Rd6+ 1-0

[Event "ch-FRA Blitz Online Qual"]
[Site "Europe-Chess INT"]
[Date "2020.05.16"]
[Round "13"]
[White "Guigay, Joel"]
[Black "Fischler, Ines"]
[Result "1-0"]
[WhiteElo "1315"]
[BlackElo "1129"]
[WhiteFideId "45174016"]
[BlackFideId "551033658"]
[EventDate "2020.05.16"]

1. e4 e5 2. Nf3 Nc6 3. Bb5 a6 4. Ba4 Nf6 5. c3 d6 6. d3 Be7 7. Be3 Bg4 8. O-O
O-O 9. d4 exd4 10. cxd4 Nxe4 11. Bc2 Nf6 12. h3 Bh5 13. Nbd2 Qd7 14. Re1 d5 15.
Nf1 Nb4 16. Bb1 Nc6 17. Ng3 Bg6 18. Bxg6 fxg6 19. Rc1 Nb4 20. a3 Nc6 21. Bf4 Bd6
22. Ne5 Bxe5 23. dxe5 Ne8 24. e6 Qe7 25. Qxd5 Nf6 26. Qb3 Rad8 27. Qxb7 Nd4 28.
Rxc7 Nd7 29. Be3 Nxe6 30. Qb3 Rf7 31. Ra7 Rf6 32. Ne4 Rf5 33. Ng3 Rf6 34. f4 Rf7
35. f5 gxf5 36. Rf1 f4 37. Rxf4 Nxf4 38. Bxf4 Qe1+ 39. Nf1 Qe7 40. Bg3 Kf8 41.
Qd3 1-0

[Event "ch-FRA Blitz Online Qual"]
[Site "Europe-Chess INT"]
[Date "2020.05.16"]
[Round "13"]
[White "Courcelle, Victor"]
[Black "Molines, Martin"]
[Result "1/2-1/2"]
[WhiteElo "1314"]
[BlackElo "1033"]
[WhiteFideId "45177392"]
[BlackFideId "45191298"]
[EventDate "2020.05.16"]

1. c4 c5 2. Nc3 Nc6 3. Nf3 Nf6 4. e3 e5 5. Be2 d6 6. O-O Be6 7. Re1 g6 8. d4
cxd4 9. exd4 exd4 10. Nxd4 Nxd4 11. Qxd4 Bg7 12. Bg5 Nh5 13. Bxd8 Bxd4 14. Bxh5
Bxc3 15. bxc3 Rxd8 16. Bg4 Rd7 17. Bxe6 fxe6 18. Rxe6+ Re7 19. Rxe7+ Kxe7 20.
Re1+ Kd7 21. h3 Rc8 22. Re4 b5 23. cxb5 Rxc3 24. Ra4 Rc7 25. Ra6 Rb7 26. a4 d5
27. a5 d4 28. b6 axb6 29. axb6 Kc6 30. Ra7 Rxa7 31. bxa7 Kb7 32. Kf1 Kxa7 33.
Ke1 Kb6 34. Kd2 Kc5 35. Kd3 Kd5 36. g3 Ke5 37. h4 h5 38. f3 Kd5 39. g4 hxg4 40.
fxg4 Ke5 41. h5 gxh5 42. gxh5 Kf6 43. Kxd4 Kg5 44. Ke5 Kxh5 1/2-1/2

[Event "ch-FRA Blitz Online Qual"]
[Site "Europe-Chess INT"]
[Date "2020.05.16"]
[Round "13"]
[White "Colette, Thierry"]
[Black "Manvieu, Paul"]
[Result "1/2-1/2"]
[WhiteElo "1411"]
[BlackElo "1018"]
[WhiteFideId "36056758"]
[BlackFideId "651000482"]
[EventDate "2020.05.16"]

1. e4 e6 2. d4 d5 3. Nd2 dxe4 4. Nxe4 Nd7 5. Nf3 Ngf6 6. Nxf6+ Nxf6 7. Bd3 c5 8.
Bb5+ Bd7 9. Bc4 Bc6 10. Ne5 Bxg2 11. Rg1 Bd5 12. Bg5 Bxc4 13. Nxc4 cxd4 14. Qf3
Rb8 15. O-O-O h6 16. Bxf6 Qxf6 17. Qxf6 gxf6 18. Rxd4 Bc5 19. Rd2 Ke7 20. Rf1
Rbd8 21. Rxd8 Rxd8 22. Rd1 Rxd1+ 23. Kxd1 Bxf2 24. Ke2 Bd4 25. Na5 b6 26. Nc6+
Kd6 27. Nxa7 Bxb2 28. Nc8+ Kc7 29. Ne7 Ba3 30. Ng8 f5 31. Nxh6 f4 32. Nxf7 Kd7
33. Nh6 Kd6 34. Kf3 Ke5 35. Nf7+ Kf5 36. Nh6+ Kg5 37. Ng4 b5 38. Nf2 Kh4 39.
Kxf4 Bd6+ 40. Ke4 Bc5 41. Ke5 Bxf2 42. Kxe6 Kh3 43. Kd5 b4 44. Kc4 Be1 45. Kb3
Kxh2 46. a3 Kg3 47. axb4 Kf4 48. c4 Ke5 49. b5 Kd6 50. c5+ Kc7 51. Kc4 Bf2 52.
b6+ Kc6 53. b7 Kxb7 54. Kb5 Be3 55. c6+ Kc7 56. Kc4 Kxc6 1/2-1/2

[Event "ch-FRA Blitz Online Qual"]
[Site "Europe-Chess INT"]
[Date "2020.05.16"]
[Round "13"]
[White "Charousset, Donovan"]
[Black "De Nave, Julien"]
[Result "0-1"]
[WhiteElo "1204"]
[BlackElo "1177"]
[WhiteFideId "45167699"]
[BlackFideId "45188360"]
[EventDate "2020.05.16"]

1. d4 Nf6 2. c4 g6 3. Nf3 d5 4. c5 c6 5. b3 Bg4 6. h3 Bxf3 7. exf3 Bg7 8. Bb2 e6
9. Nd2 Nbd7 10. Qc2 O-O 11. Bd3 b6 12. b4 bxc5 13. dxc5 a5 14. b5 cxb5 15. Bxb5
Rb8 16. Bxd7 Qxd7 17. Rb1 Qc6 18. Nb3 a4 19. Nd4 Qc7 20. Qxa4 Qxc5 21. Qc2 Qxc2
22. Nxc2 Nd7 23. O-O Rxb2 24. Rxb2 Bxb2 25. Rb1 Bg7 26. Rb7 Nc5 27. Rc7 Nd3 28.
Kf1 Be5 29. Ke2 Nf4+ 30. Kf1 Bxc7 31. Ne3 Rb8 32. Nc2 Rb1+ 33. Ne1 Ba5 34. Kg1
Rxe1+ 35. Kh2 Bc7 36. g3 Ne2 37. Kg2 Rg1+ 38. Kh2 Ra1 39. Kg2 Rxa2 40. f4 Nd4
41. Kg1 Ra1+ 42. Kg2 Ba5 43. Kh2 Be1 44. Kg2 Ra2 45. Kf1 Bxf2 0-1